000 00763nam a2200181Ia 4500
008 151202s9999||||xx |||||||||||||| ||und||
082 _bPNVM-1630
100 _aराजवाडे वि. का.
245 _aमराठ्यांच्या इतिहासाची साधने खंड 10 वा.
260 _bकृ. प. खाडीलकर.
260 _c0
300 _a0
600 _aराजवाडे वि. का.
630 _aमराठ्यांच्या इतिहासाची साधने खंड 10 वा.
700 _aराजवाडे वि. का.
730 _aमराठ्यांच्या इतिहासाची साधने खंड 10 वा.
942 _cBOOK
999 _c1267628
_d1267625